00285nam a22001097a 4500008004100000020001500041082001300056100001900069245004400088260003400132300000900166230717b xxu||||| |||| 00| 0 eng d a0862633583 a370bTAY cTerence Taylor aPostgraduate Study in Britain 1993-1994 bReed Information Services ltd a582p